000 005440000a22001810004500
003 MACL
005 20160611160835.0
008 160611b xxu||||| |||| 00| 0 eng d
040 _aMACL
_cmacl
041 _aHindi
082 _a891.433
100 _aशेष, शंकर
_959803
245 _aखजुराहो का शिल्‍पी
_cशंकर शेष
260 _bस्‍मृति प्रकाशन
_c1972
_aइलाहाबाद
350 _a7
650 _aDrama
_964470
942 _cHIN
_k891;432
_2ddc
999 _c26370
_d26370